| 000 | 01100nam a2200325 a 4500 | ||
|---|---|---|---|
| 001 | 31853 | ||
| 003 | BD-RjUL | ||
| 005 | 20211209051746.0 | ||
| 008 | 140422s1962 enk b 001 0 eng d | ||
| 035 | _a(BD-RjUL)31941 | ||
| 035 | _a(OCoLC)334799 | ||
| 040 |
_aDLC _cDLC _dBD-RjUL _beng |
||
| 041 | _aeng | ||
| 082 |
_a192 _bMOC 1962 |
||
| 100 | 1 |
_aMoore, G. E. _q(George Edward), _d1873-1958. _93470 |
|
| 245 | 1 | 0 |
_aCommonplace book, 1919-1953 / _cby George Edward Moore; edited by Casimir Lewy. |
| 246 | 1 | _aCommonplace book of G.E. Moore, 1919-1953 | |
| 260 |
_aLondon : _bAllen & Unwin, _cc1962. |
||
| 300 |
_axvii, 411 p. ; _c22 cm. |
||
| 500 | _aTitle on jacket: The commonplace book of G.E. Moore, 1919-1953. | ||
| 504 | _aIncludes bibliographical footnotes and index. | ||
| 650 | 0 |
_aPhilosophy. _996952 |
|
| 650 | 0 |
_aPhilosophy, English _y20th century. _996953 |
|
| 650 | 0 |
_aPhilosophy, Modern _y20th century. _93369 |
|
| 700 | 1 |
_aLewy, Casimir. _986564 |
|
| 830 | 0 |
_aMuirhead library of philosophy _996955 |
|
| 942 |
_2ddc _cBK |
||
| 999 |
_c31853 _d31853 |
||